Normal view
MARC view
Entry Topical Term
001 - CONTROL NUMBER
- control field: 13697
003 - CONTROL NUMBER IDENTIFIER
- control field: ARRUPE
005 - DATE AND TIME OF LATEST TRANSACTION
- control field: 20150109144309.0
008 - FIXED-LENGTH DATA ELEMENTS
- fixed length control field: 150109|| aca||aabn | a|a d
040 ## - CATALOGING SOURCE
- Original cataloging agency: ARRUPE
- Transcribing agency: ARRUPE
150 ## - HEADING--TOPICAL TERM
- Topical term or geographic name as entry element: Mass (Physics)
670 ## - SOURCE DATA FOUND
- Source citation: Work cat.: (ARRUPE)0: Jammer, Max. 13414, Concepts of mass :, 1964, c1961.